Στα βυζαντινά χρόνια : ιστορία Ε' τάξης

Saved in:
Bibliographic Details
Other Authors: Ασημομύτης, Βασίλης Δ.
Format: Book
Language:Greek
Published: Αθήνα : Ο.Ε.Δ.Β., 1988
Edition:2η έκδ.
Subjects:
Tags: Add Tag
No Tags, Be the first to tag this record!

MARC

LEADER 00000cam a2200000 i 4500
001 1/80429
008 980911s1988 gr | ||| |||| ||gre||
035 |l 10033443 
040 |a GR-MY-UA  |b gre  |e aacr 
041 0 |a gre 
082 0 |a 372.8909495 
245 1 0 |a Στα βυζαντινά χρόνια :  |b ιστορία Ε' τάξης /  |c Βασίλης Ασημομύτης ... [κ.ά.] 
250 |a 2η έκδ. 
260 |a Αθήνα :   |b Ο.Ε.Δ.Β.,   |c 1988 
300 |a 251 σ. 
500 |a Ανω του τίτλου: Υπουργείο Εθνικής Παιδείας και Θρησκευμάτων. Παιδαγωγικό Ινστιτούτο. Τμήμα Πρωτοβάθμιας Εκπαίδευσης. 
650 0 0 |a History  |x Study and teaching (Elementary)  |z Greece. 
700 1 |a Ασημομύτης, Βασίλης Δ. 
852 |a INST  |b RHODES  |e 19980911  |h 372.8909495 ΣΤΑ  |p 005400000755  |q 005400000755  |t BK  |y 620 
852 |a INST  |b RHODES  |e 19980911  |h 372.8909495 ΣΤΑ  |p 005400000756  |q 005400000756  |t BK  |y 620 
852 |a INST  |b RHODES  |e 19980911  |h 372.8909495 ΣΤΑ  |p 005400000758  |q 005400000758  |t BK  |y 620 
852 |a INST  |b RHODES  |e 19980911  |h 372.8909495 ΣΤΑ  |p 005400000759  |q 005400000759  |t BK  |y 620 
852 |a INST  |b RHODES  |e 19980911  |h 372.8909495 ΣΤΑ  |p 005400000760  |q 005400000760  |t BK  |y 620 
852 |a INST  |b RHODES  |e 19980911  |h 372.8909495 ΣΤΑ  |p 005400000762  |q 005400000762  |t BK  |y 620 
852 |a INST  |b RHODES  |e 19980911  |h 372.8909495 ΣΤΑ  |p 005400000763  |q 005400000763  |t BK  |y 620 
852 |a INST  |b RHODES  |e 19980911  |h 372.8909495 ΣΤΑ  |p 005400000764  |q 005400000764  |t BK  |y 620 
852 |a INST  |b RHODES  |e 19980911  |h 372.8909495 ΣΤΑ  |p 005400000765  |q 005400000765  |t BK  |y 620 
852 |a INST  |b RHODES  |e 19980911  |h 372.8909495 ΣΤΑ  |p 005400000766  |q 005400000766  |t BK  |y 620 
852 |a INST  |b RHODES  |e 19980911  |h 372.8909495 ΣΤΑ  |p 005400000767  |q 005400000767  |t BK  |y 0 
852 |a INST  |b RHODES  |e 19980911  |h 372.8909495 ΣΤΑ  |p 005400000768  |q 005400000768  |t BK  |y 620 
852 |a INST  |b RHODES  |e 19980911  |h 372.8909495 ΣΤΑ  |p 005400000769  |q 005400000769  |t BK  |y 620 
852 |a INST  |b RHODES  |e 19980911  |h 372.8909495 ΣΤΑ  |p 005400006316  |q 005400006316  |t BK  |y 620 
852 |a INST  |b RHODES  |e 19980911  |h 372.8909495 ΣΤΑ  |p 005400016882  |q 005400016882  |t BK  |y 12 
901 |a BIBL-1998-3 
909 |a Ρ  |b 014163 
909 |a Ρ  |b 014164 
909 |a Ρ  |b 014165 
909 |a Ρ  |b 014166 
909 |a Ρ  |b 014167 
909 |a Ρ  |b 014168 
909 |a Ρ  |b 014169 
909 |a Ρ  |b 014170 
909 |a Ρ  |b 014171 
909 |a Ρ  |b 014172 
909 |a Ρ  |b 014173 
909 |a Ρ  |b 014174 
909 |a Ρ  |b 014175 
909 |a Ρ  |b 014176 
909 |a Ρ  |b 014177 
922 |a 4ΔΩΡ  |b 198906  |c ΔΩΡΕΑ